[Event "40th Olympiad Open"]
[Site "Istanbul TUR"]
[Date "2012.09.01"]
[Round "5.20"]
[White "Can, Emre"]
[Black "Rama, Lorenc"]
[Result "1-0"]
[WhiteTitle "GM"]
[BlackTitle "FM"]
[WhiteElo "2435"]
[BlackElo "2292"]
[WhiteTeam "Turkey"]
[BlackTeam "Albania"]
[WhiteFideId "6302181"]
[BlackFideId "4700171"]
[EventDate "2012.08.28"]

1. d4 d5 2. Nf3 Nf6 3. c4 e6 4. Nc3 Bb4 5. cxd5 exd5 6. Bg5 Nbd7 7. e3 c5 8. Be2
Qa5 9. O-O Bxc3 10. bxc3 Ne4 11. c4 Nc3 12. Qd2 Nxe2+ 13. Qxe2 dxc4 14. Qxc4
cxd4 15. Qxd4 O-O 16. Rfc1 Qf5 17. e4 Qe6 18. Rc7 Re8 19. h3 h6 20. Bf4 Nf8 21.
Qc3 Qxe4 22. Re1 Qa4 23. Be5 Ne6 24. Rc4 Qa6 25. Nh4 Ng5 26. f4 Nh7 27. Rd1 Be6
28. Qg3 g5 29. Rcd4 f6 30. fxg5 fxg5 31. Qe3 Qb6 32. Kh1 Rad8 33. Qd3 Bd7 34.
Rd6 Rxe5 35. Rxb6 axb6 36. Qc4+ 1-0